| 000 | 02004agaaa2200325 4500 | ||
|---|---|---|---|
| 001 | 8833 | ||
| 003 | IT-RoPAU | ||
| 005 | 20220918181258.0 | ||
| 007 | d cvaizq | ||
| 008 | 50131s9999||||xx ||| | || ||und|| | ||
| 040 |
_aIT-RoPAU _cIT-RoPAU |
||
| 041 | _aITALIANO | ||
| 100 |
_aUllmann Liv _gCodice regista SPICS: 55953 _952249 |
||
| 130 |
_aINFEDELE (L) _952250 |
||
| 240 |
_aTROLOSA _gT3287 |
||
| 245 |
_aINFEDELE (L) _cProdotto da: Svt Drama -- Sceneggiatura: Ingmar Bergman -- Diretto da: Ullmann Liv _pINFEDELE (L) (Rif. Codice opera principale : G8833) |
||
| 246 | _aTROLOSA | ||
| 250 | _aEdizione Standard | ||
| 260 |
_a(SVEZIA) _bSVENSK / Distribuzione: RAI ZDF _g"2000 (1° ed.: 2000 ; Ed. Lingua Orig.: 2000)" |
||
| 300 |
_aVHS _bsonoro, col. _c146 minuti |
||
| 508 | _a"Fotografia: Jorgen Persson; Montaggio: Sylvia Ingemarsson; Sceneggiatura: Ingmar Bergman; Scenografia: Goran Wassberg; " | ||
| 511 | _a"Lena; Endre; Erland; Josephson; Krister; Enriksson; Thomas; Hanzon; Juni; Dahr" | ||
| 520 | _aFILM A COLORI PER TUTTI. UNO SCRITTORE CHE VIVE SU UN'ISOLA DESERTA ELABORA LA TRAMA DI UN ROMANZO AUTOBIOGRAFICO. NE E' PROTAGONISTA MARIANNE, MOGLIE DI MARKUS, DIRETTORE D'ORCHESTRA E MADRE DI ISABELLE, UNA BAMBINA DI 9 ANNI. LA DONNA SI INNAMORA DI DAVID, REGISTA E AMICO DI FAMIGLIA. MARKUS SCOPRE IL TRADIMENTO E DECIDE DI NON PERDONARE. INIZIANO COSI' LE PRATICHE PER IL DIVORZIO E, ALLA FINE, SI CAPISCE CHE NON E' MARIANNE LA SOLA INFEDELE. NEL CORSO DEL PROCESSO PER AGGIUDICARSI LA CUSTODIA DELLA FIGLIA, I PROTAGONISTI SCAGLIANO COLPI BASSI CHE ARRECANO DOLORE E SOFFERENZA A TUTTI. NE E'TESTIMONE SILENZIOSA ISABELLE, VITTIMA INNOCENTE, CHE SENTE E CAPISCE TUTTO. | ||
| 538 | _aPAL, STEREO | ||
| 546 | _aITALIANO | ||
| 650 |
_aDRAMMATICO _eFILMS [VHS PAL] _xCodice MATERIA SPICS: 9960 _934083 |
||
| 700 |
_aBergman Ingmar _e(soggetto) _gCodice Soggetto SPICS: 9304 _952251 |
||
| 700 |
_aUllmann Liv _e(regista) _gCodice regista SPICS: 55953 _952252 |
||
| 942 |
_cVH _2ddc |
||
| 999 |
_c107477 _d107477 |
||